|
|
|
|
| LEADER |
00000nam0a2200000 4500 |
| 001 |
373945 |
| 005 |
20231102012618.0 |
| 035 |
|
|
|a (RuTPU)RU\TPU\retro\31377
|
| 035 |
|
|
|a RU\TPU\book\305147
|
| 090 |
|
|
|a 373945
|
| 100 |
|
|
|a 20221216d1964 k y0rusy50 ca
|
| 101 |
1 |
|
|a rus
|c eng
|
| 102 |
|
|
|a RU
|
| 105 |
|
|
|a a z 001zy
|
| 200 |
1 |
|
|a Операция "Морская звезда"
|e сборник статей
|e пер. с англ.
|f под ред. И. А. Жулина
|
| 210 |
|
|
|a Москва
|c Атомиздат
|d 1964
|
| 215 |
|
|
|a 288 с.
|c ил.
|
| 320 |
|
|
|a Библиогр.: с. 282-286.
|
| 606 |
1 |
|
|a Метеорология
|2 stltpush
|3 (RuTPU)RU\TPU\subj\43458
|9 62957
|
| 610 |
1 |
|
|a ядерный взрыв
|
| 610 |
1 |
|
|a анализ
|
| 610 |
1 |
|
|a эффективность
|
| 610 |
1 |
|
|a радиационный пояс
|
| 610 |
1 |
|
|a геомагнитные возмущения
|
| 610 |
1 |
|
|a ионосферные возмущения
|
| 675 |
|
|
|a 551.5
|v 3
|
| 702 |
|
1 |
|a Жулин
|b И. А.
|4 340
|
| 801 |
|
1 |
|a RU
|b 63413507
|c 20150122
|
| 801 |
|
2 |
|a RU
|b 63413507
|c 20221216
|g RCR
|
| 942 |
|
|
|c BK
|